Governance & knowledge management for public-private partnerships /

Bibliographic Details
Other Authors: Robinson, Herbert
Format: Book
Language:English
Published: Chichester, U.K. ; Malden, MA : Wiley-Blackwell, 2010.
Subjects:

MARC

Tag First Indicator Second Indicator Subfields
LEADER 00000cam a2200000 a 4500
001 in00002562513
005 20151201114836.0
008 090807s2010 enka b 001 0 eng
010 |a  2009030794 
020 |a 9781405188555 (hardback : alk. paper) 
020 |a 1405188553 (hardback : alk. paper) 
029 1 |a CDX  |b 10597623 
035 |a (OCoLC)ocn429816893 
035 |a (OCoLC)429816893 
040 |a DLC  |c DLC  |d YDXCP  |d BWKUK  |d BWK  |d CDX  |d UtOrBLW 
049 |a TXAM 
050 0 0 |a HD76  |b .G682 2010 
082 0 0 |a 658.4/038  |2 22 
245 0 0 |a Governance & knowledge management for public-private partnerships /  |c Herbert Robinson [and others]. 
246 3 |a Governance and knowledge management for public-private partnerships 
264 1 |a Chichester, U.K. ;  |a Malden, MA :  |b Wiley-Blackwell,  |c 2010. 
300 |a xiii, 247 pages :  |b illustrations ;  |c 26 cm. 
336 |a text  |b txt  |2 rdacontent 
337 |a unmediated  |b n  |2 rdamedia 
338 |a volume  |b nc  |2 rdacarrier 
504 |a Includes bibliographical references and index. 
650 0 |a Communication in economic development. 
650 0 |a Public-private sector cooperation. 
650 0 |a Knowledge management. 
650 0 |a Construction industry  |x Management. 
650 0 |a Public buildings  |x Finance. 
700 1 |a Robinson, Herbert. 
938 |a YBP Library Services  |b YANK  |n 3155943 
938 |a Blackwell Book Service UK  |b BBUK  |n L6840306  |c 69.99 
938 |a Coutts Information Services  |b COUT  |n 10597623  |c 118.99 USD 
945 |a PromptCat  |b 945675 
946 |a stk 
947 |a A14840262699 
994 |a 92  |b TXA 
948 |a cataloged  |b h  |d 2010/4/12  |h c  |e asalazar  |f 3:59:14 pm 
999 |a MARS 
999 f f |s 8077b0c6-1d99-3af6-aeac-0a3e04351fa0  |i 05502f5d-878e-33b0-9fea-937940a23eb1  |t 0 
952 f f |p ric  |a Texas A&M University  |b Rellis Campus  |c Joint Library Facility  |d Remote Storage  |t 0  |e HD76 .G682 2010  |h Library of Congress classification  |i unmediated -- volume  |m A14840262699 
998 f f |a HD76 .G682 2010  |t 0  |l Remote Storage